000 00551nam a22001937a 4500
999 _c6766
_d6766
003 AR-CdUCM
008 190319b ||||| |||| 00| 0 spa d
040 _aMUNICIPALIDAD PROVINCIAL DEL CUSCO
_cBIBLIOTECA MUNICIPAL DEL CUSCO
082 _a869.56 /
_bT72
100 _aLa Trorre, Alfonso
_919048
245 _aLa lira de Nerón /
260 _aPerú :
_bCapuli.
_c1979.
300 _a141 páginas ;
_c20.5 cm.
500 _aDonación familia Nieto
650 _aCuentos peruanos
_97
650 _aSiglo XX
_98
942 _2ddc
_cLIBROS
945 _aafb